Personnes les plus connues par pays #2 - Statistiques

Statistiques générales
  • Ce quiz a été pris 493 fois
  • Le résultat moyen est 3 sur 10
Statistiques - réponses
Pays Personne la plus connue % Correct
Etats-Unis Donald Trump / Barack Obama
90%
Portugal Cristiano Ronaldo
65%
Barbade Rihanna
42%
Brésil Pelé
36%
France Napoléon Bonaparte
32%
Russie Vladimir Lénine
29%
Burkina Faso Thomas Sankara
9%
Argentine Che Guevara
7%
Mexique Frida Kahlo
5%
République démocratique du Congo Patrice Lumumba
3%
Aucun quiz correspondant
Distribution des résultats
% des personnes avec chaque résultat
Percentile par nombre de réponses
Votre historique - résultats
Vous n’avez pas pris ce quiz